000 00492nam a2200181Ia 4500
005 20250326123819.0
008 250326s9999 xx 000 0 und d
037 _aTextbook
040 _aFMSL
_beng
_cFMSL
041 _aeng
_2eng
084 _aS(T:5) K6
_qFMSL
100 _aHorrocks J E
_9736168
245 0 _aAssessment of behaviour
_cHorrocks J E
260 _aUSA
_bUSA, Charles E. Merrill
_c1966
300 _a737p
942 _cTB
_hS(T:5) K6
999 _c1271062
_d1271062